Bevezető

Elmentve itt :
Bibliográfiai részletek
Szerző: Szalma Natália
Dokumentumtípus: Könyv része
Megjelent: 2003
Sorozat:Szegedi bölcsészfüzetek 11
Polgári értékek és az európai kultúra 11
Kulcsszavak:Kultúrfilozófia - magyar - 20. sz. - bevezetés, Vallásfilozófia - orosz - bevezetés, Irodalomelmélet - bevezetés
Tárgyszavak:
Online Access:http://acta.bibl.u-szeged.hu/45581
LEADER 00903naa a2200241 i 4500
001 acta45581
005 20220124094254.0
008 170408s2003 hu o 0|| hun d
020 |a 963 482 6032 
022 |a 1215-2870 
040 |a SZTE Egyetemi Kiadványok Repozitórium  |b hun 
041 |a hun 
100 1 |a Szalma Natália 
245 1 0 |a Bevezető  |h [elektronikus dokumentum] /  |c  Szalma Natália 
260 |c 2003 
300 |a 5-11 
490 0 |a Szegedi bölcsészfüzetek  |v 11 
490 0 |a Polgári értékek és az európai kultúra  |v 11 
650 4 |a Bölcsészettudományok 
650 4 |a Nyelvek és irodalom 
650 4 |a Filozófia, etika és vallástudományok 
695 |a Kultúrfilozófia - magyar - 20. sz. - bevezetés, Vallásfilozófia - orosz - bevezetés, Irodalomelmélet - bevezetés 
856 4 0 |u http://acta.bibl.u-szeged.hu/45581/1/bolcseszfuzetek_2003_005-011.pdf  |z Dokumentum-elérés